| 000 | 00444nam a22001457a 4500 | ||
|---|---|---|---|
| 005 | 20180627104011.0 | ||
| 008 | 180627b xxu||||| |||| 00| 0 eng d | ||
| 040 | _cPK-LaUMT | ||
| 082 |
_a956.92034 _bREI-O |
||
| 100 | _aReilly, James A. | ||
| 245 |
_aThe Ottoman cities of Lebanon : _bhistoorical legacy and identity in the modern Middle East / _cJmaes A. Reilly |
||
| 260 |
_aLondon : _bI. B. Tauris, _c2016 |
||
| 300 | _a198 p. | ||
| 942 | _cBK | ||
| 999 |
_c105282 _d105282 |
||